Statistics for Name The Country Based on The Flag

Click here to take the quiz!

General Stats

  • This quiz has been taken 30 times
  • The average score is 14 of 15

Answer Stats

Answer% Correct
United States
100%
Australia
96%
Brazil
96%
Canada
96%
China
96%
France
96%
Germany
96%
India
96%
Italy
96%
Japan
96%
South Korea
96%
UK
96%
Russia
92%
Egypt
88%
Mexico
88%

Score Distribution

Percentile by Number Answered

Percent of People with Each Score

Your Score History

You have not taken this quiz